000 00567nam a2200205Ia 4500
003 GCL
008 140319s9999 xx 000 0 ara d
040 _aGCL /
_cGCL
082 0 4 _a810.9
_bم ط
100 1 _aمحمد صادق الكاشف
245 1 0 _aطه حسين بصيرا /
_cمحمد صادق الكاشف
260 _a[S.N] :
_bمكتبة الخانجى ،
_c1986
300 _a248 ص
490 _a
650 0 4 _aالادب العربى
650 0 4 _aالتراجم
650 0 4 _aطه حسين
650 0 4 _aتاريخ ونقد
942 _2ddc
_cBK
999 _c36788
_d36788